000 004900000a22001570004500
090 _aAR
_b02620
245 1 0 _aWildlife rehabilitation: additional considerations for developing countries
650 1 4 _aVeterinaria
_993538
650 1 4 _aFauna silvestre
_992225
650 1 4 _aConservación
_992401
650 1 4 _aFauna silvestre
_992225
041 0 _aInglés
100 1 _aKaresh, William B.
_996117
942 _cARTICULO
773 1 _tJournal of Zoo and Wildlife Medicine
_3394
_h1
_q2-9
_d1995
_g26
999 _c11683
_d11683